The Western World (Registro nro. 16111)

Detalles MARC
000 -ENCABEZADO
Número de control [NR] 01253nam a2200181Ia 4500
008 - DE LONGITUD FIJA DE DATOS DE ELEMENTOS - INFORMACIÓN GENERAL
Elementos de longitud fija [NR] 130821s1970 xxu gr eng
040 ## - FUENTE DE CATALOGACION [NR]
Agencia de catalogación original [NR] Co-BoUCM
Idioma de catalogación [NR] spa
041 ## - CODIGO DE IDIOMA [R]
Código de idioma para texto/pista de sonido o título separado [R] Inglés
100 1# - ASIENTO PRINCIPAL--NOMBRE PERSONAL [NR]
Nombre personal [NR] Adams, Wallace
245 14 - MENCION DE TITULO [NR]
Título [NR] The Western World
Mención de responsabilidad, etc. [NR] editado por Wallace E. Adams...[et. al].
260 ## - PUBLICACION, DISTRIBUCION, ETC. (PIE DE IMPRENTA) [R]
Lugar de publicación, distribución, etc. [R] Nueva York (Estados Unidos)
Nombre del editor, distribuidor, etc. [R] Toronto Dodd. Mead Company
Fecha de publicación, distribución, etc. [R] 1970
300 ## - DESCRIPCION FISICA [R]
Extensión [R] 2 volúmenes
505 ## - NOTA DE CONTENIDO CON FORMATO PREESTABLECIDO [R]
Nota de contenido con formato preestablecido [NR] Contenido
-- v.1
-- chapter one
-- the ancient near east. -- chapter two: Greece. -- Chapter three: The Roman Era. -- Chapter four: the early Middle ages. -- Chapter five: the seven. The reformation. -- Chapter eight: The state in the age of absolutism. -- v.2: Chapter 1: the Scientific revolution and eighteenth century enlightenment. -- Chapter two: An era of revolution. -- Chapter three: Reaction and revolution, 1815-1848. -- Chapter four: The early impact of industrialism. -- Chapter five: The political reorientation of Europe. -- Chapter six: the apogee of Europe. -- Chapter seven: The first world war. -- Chapter eight: Between the wars. -- Chapter nine: the second world war and after
650 04 - ASIENTO SECUNDARIO DE MATERIA - TERMINO TEMATICO [R]
Término temático o nombre geográfico como elemento de entrada [NR] Historia de Europa
9 (RLIN) 26509
651 #4 - ASIENTO SECUNDARIO DE MATERIA - NOMBRE GEOGRAFICO [R]
Nombre geográfico [NR] Europa
Subdivisión general [R] Historia
9 (RLIN) 26622
942 ## - ELEMENTOS DE ENTRADA AGREGADOS (KOHA)
Tipo de ítem principal el descrito en 300a Libro
Tema principal Historia
Edición 1
Parte restante de la signatura top. A31
Sistema de clasificación DEWEY
Clasificación 940
Existencias
Fecha de último préstamo Total préstamos Signatura topográfica Código de barras Última vez visto Volúmen / Fascículo Ejemplar Price effective from Tipo de ítem Perdido Sistema de clasificación Dañado No prestable Tipo de ítem específico Suprimido Ubicación habitual Ubicación actual Localización Fecha de creación Forma de adquisición Costo
29/08/2016 3 940 A31 100009220 09/12/2025 V.2 Ej.1 03/02/2013 Libro   DEWEY     Libro   Claustro Claustro 2do piso 28/02/2003 Donación 480.00
31/10/2011 3 940 A31 100009219 09/12/2025 V.1 Ej.1 03/02/2013 Libro   DEWEY     Libro   Claustro Claustro 2do piso 28/02/2003 Donación 480.00